| 000 | 00582nam a2200205 i 4500 | ||
|---|---|---|---|
| 001 | bg | ||
| 100 | 1 | _aPAŁKA, Marian | |
| 245 | 1 | 0 |
_aZakładowy plan kont z komentarzem dla jednostek prowadzących działalność gospodarczą / _cMarian Pałka. |
| 250 |
_aWyd.4 _awg stanu prawnego na 1.02.1997 r. |
||
| 260 |
_aWrocław : _b"Ekspert", _c1997. |
||
| 300 |
_a454 s. ; _c24 cm. |
||
| 650 | 9 | _aRachunkowość | |
| 020 | _a8387038121 | ||
| 040 | _cBPK | ||
| 041 | 0 | _apol | |
| 080 | _a657 | ||
| 920 | _a83-87038-12-1 | ||
| 942 | _cKS | ||
| 008 | s pl f |000 0 pol | ||
| 999 |
_c31317 _d31317 |
||
| 856 |
_uhttp://koha.tu.koszalin.pl/cgi-bin/koha/opac-detail.pl?biblionumber=31317 _yKatalog online BPK |
||